Fundamentals of acoustic signal processing / (Registro nro. 5016)

Detalles MARC
000 -CABECERA
Campo de control 00725nam a2200241 i 4500
005 - FECHA Y HORA DE LA ULTIMA TRANSACCION
Campo de control 20170323114639.0
008 - ELEMENTOS DE LONGITUD FIJA—INFORMACION GENERAL
Campo de control 140318s1998 cau||||| |||| 00| 0 eng d
040 ## - FUENTE DE CATALOGACIÓN
Agencia catalogadora original CO-BoIAVH
Agencia transcriptora CO-BoIAVH
041 ## - IDIOMA
Código de idioma para texto/pista de sonido o título separado Inglés
044 ## - PAÍS DE PUBLICACIÓN
País de publicación Estados Unidos
082 04 - NUMERO DE CLASIFICACION DECIMAL DEWEY
Número de clasificación 621.3822
Número del ítem T64f
100 1# - ASIENTO PRINCIPAL--NOMBRE PERSONAL
Nombre personal Tohyama, Mikio
9 (RLIN) 22492
245 10 - MENCION DE TITULO
Título Fundamentals of acoustic signal processing /
Mención de responsabilidad Mikio Tohyama, Tsunehiko Koike.
260 ## - PUBLICACION, DISTRIBUCION, ETC. (PIE DE IMPRENTA)
Lugar de publicación, distribución, etc. San Diego :
Nombre del editor, distribuidor, etc. Academic Press,
Fecha de publicación, distribución, etc. 1998.
300 ## - DESCRIPCION FISICA
Extensión 321 p.
650 24 - ASIENTO SECUNDARIO DE MATERIA - TERMINO TEMATICO
Término temático o nombre geográfico como elemento de entrada Electroacústica
9 (RLIN) 51939
650 24 - ASIENTO SECUNDARIO DE MATERIA - TERMINO TEMATICO
Término temático o nombre geográfico como elemento de entrada Generadores de señal
9 (RLIN) 51940
650 24 - ASIENTO SECUNDARIO DE MATERIA - TERMINO TEMATICO
Término temático o nombre geográfico como elemento de entrada Procesamiento de señales
9 (RLIN) 51941
650 14 - ASIENTO SECUNDARIO DE MATERIA - TERMINO TEMATICO
9 (RLIN) 51938
Término temático o nombre geográfico como elemento de entrada Acústica
700 1# - ASIENTO SECUNDARIO - NOMBRE PERSONAL
Nombre personal Koike, Tsunehiko,
Término de relación autor.
9 (RLIN) 22493
942 ## - ELEMENTOS ADICIONALES (KOHA)
Tipo de ítem Informe Técnico
Sistema de clasificación Dewey Decimal Classification
945 ## - PROCESAMIENTO LOCAL
AAAA-MM-DD - Fecha de ingreso o modificacion 2005-12-23
Existencias
Withdrawn status Lost status Sistema de Clasificación Damaged status No para préstamo Colección Inventariado Ubicación Permanente Ubicación actual Fecha de adquisición Fuente de Valor Valor Total Checkouts Número topográfico Inventario / Código de Barras Date last seen Ejemplar Price effective from Forma de adquisición Tipo de material
    Dewey Decimal Classification     General Inventariado 2017 Bogotá Bogotá 23/12/2005 CID Humboldt 39000.00   LB-621.3822 T64f 022822 04/12/2012 Ej. 1 04/12/2012 Compra Libro